Východiská stratégie energetickej politiky

Súčasný stav predmetnej problematiky na Slovensku. Ekonomické, právne a technické aspekty výroby energie z obnoviteľných zdrojov. Východiská novej energetickej politiky EÚ.

Guardado en:
Detalles Bibliográficos
Autor principal: Majtán, Miroslav
Formato: Capítulo de libro
Lenguaje:eslovaco
Materias:
Etiquetas: Agregar Etiqueta
Sin Etiquetas, Sea el primero en etiquetar este registro!

MARC

LEADER 00000nla a2200000 4500
001 0180617
005 20240502073101.1
041 0 |a slo 
044 |a SK 
245 1 0 |a Východiská stratégie energetickej politiky  |c Miroslav Majtán 
520 |a Súčasný stav predmetnej problematiky na Slovensku. Ekonomické, právne a technické aspekty výroby energie z obnoviteľných zdrojov. Východiská novej energetickej politiky EÚ. 
610 2 0 |a energetika 
610 2 0 |a zdroje energie obnoviteľné 
610 2 0 |a zdroje energie prírodné 
610 2 0 |a politika energetická 
610 2 0 |a Európska únia 
610 2 0 |a Slovensko 
100 1 |a Majtán, Miroslav